[Event "Asia zt 3.2 (Women)"]
[Site "Dhaka"]
[Date "2023.05.03"]
[Round "2"]
[White "Wijesuriya, GPY"]
[Black "Fatiha, Eyenoon Diya"]
[Result "1-0"]
[WhiteElo "1544"]
[BlackElo "1146"]
[PlyCount "97"]
[EventDate "2023.05.02"]
[EventType "tourn"]
[EventRounds "9"]
[EventCountry "BAN"]
[SourceTitle "CBM 215 Extra"]
[Source "ChessBase"]
[SourceDate "2023.09.30"]
[SourceVersion "1"]
[SourceVersionDate "2023.09.30"]
[SourceQuality "1"]

1. e4 e5 2. Nf3 Nf6 3. Nc3 Nc6 4. Bb5 d6 5. d4 Bd7 6. 0-0 a6 7. Bc4 Bg4 8. dxe5 Bxf3 9. Qxf3 Nxe5 10. Qe2 Nxc4 11. Qxc4 Qd7 12. f3 Be7 13. Be3 b5 14. Qd3 0-0 15. e5 dxe5 16. Qe2 Qc6 17. Kh1 Rfd8 18. Bg5 Nd5 19. Bxe7 Nxe7 20. Qxe5 Re8 21. Rfe1 Ng6 22. Qd5 Rxe1+ 23. Rxe1 Qxd5 24. Nxd5 Rc8 25. Nb4 a5 26. Nc6 a4 27. a3 f6 28. Kg1 Nf4 29. Ne7+ Kf8 30. Nxc8 Nd5 31. Na7 b4 32. axb4 Nxb4 33. Re4 Nxc2 34. Rxa4 c5 35. Rc4 Nd4 36. Rxc5 Ne2+ 37. Kf1 Nd4 38. b4 Nb3 39. Rc7 Nd4 40. b5 Ne6 41. Rc8+ Ke7 42. b6 Nd8 43. Nc6+ Kd7 44. Rc7+ Kd6 45. Nxd8 Kd5 46. b7 Kd6 47. b8Q Kd5 48. Qb5+ Kd6 49. Rd7# 1-0

[Event "SRI-ch (Women)"]
[Site "Colombo"]
[Date "2023.04.03"]
[Round "13"]
[White "Wijesuriya, GPY"]
[Black "Yapa Bandara, Chamodya"]
[Result "0-1"]
[WhiteElo "1514"]
[BlackElo "1455"]
[PlyCount "84"]
[EventDate "2023.03.25"]
[EventType "tourn"]
[EventRounds "13"]
[EventCountry "SRI"]
[SourceTitle "CBM 213 Extra"]
[Source "ChessBase"]
[SourceDate "2023.05.31"]
[SourceVersion "1"]
[SourceVersionDate "2023.05.31"]
[SourceQuality "1"]

1. e4 c5 2. Nc3 Nc6 3. g3 e6 4. Bg2 Nge7 5. Nf3 d5 6. d3 a6 7. 0-0 b5 8. Re1 d4 9. Ne2 g6 10. c3 Bg7 11. Nh4 Qd7 12. f4 Bb7 13. cxd4 Nxd4 14. Be3 0-0 15. Rb1 Rfd8 16. Nxd4 Bxd4 17. Nf3 Bxe3+ 18. Rxe3 Rac8 19. Qe2 Nc6 20. Qf2 Qc7 21. f5 exf5 22. exf5 Nb4 23. fxg6 hxg6 24. Ne5 Bxg2 25. Qxg2 Re8 26. Rbe1 Qb8 27. Qf3 Qc7 28. R1e2 Nc6 29. Ng4 Rxe3 30. Rxe3 Nd4 31. Qf6 Nf5 32. Rf3 Qd7 33. Qxf5 Qd4+ 34. Kg2 gxf5 35. Nh6+ Kh7 36. Nxf5 Qxb2+ 37. Kh3 Re8 38. Nd6 Re2 39. Rxf7+ Kg8 40. Rf4 Rxh2+ 41. Kg4 Qe2+ 42. Rf3 Rf2 0-1

[Event "SRI-ch (Women)"]
[Site "Colombo"]
[Date "2023.03.31"]
[Round "7"]
[White "Newansa, M Esandi"]
[Black "Wijesuriya, GPY"]
[Result "0-1"]
[WhiteElo "1576"]
[BlackElo "1514"]
[PlyCount "98"]
[EventDate "2023.03.25"]
[EventType "tourn"]
[EventRounds "13"]
[EventCountry "SRI"]
[SourceTitle "CBM 213 Extra"]
[Source "ChessBase"]
[SourceDate "2023.05.31"]
[SourceVersion "1"]
[SourceVersionDate "2023.05.31"]
[SourceQuality "1"]

1. d4 Nf6 2. Bf4 d5 3. e3 c5 4. c3 Nc6 5. Nd2 Bf5 6. Ngf3 Qb6 7. Nh4 Be4 8. Qb3 c4 9. Qxb6 axb6 10. Be5 Nd7 11. Nxe4 dxe4 12. Bxc4 e6 13. g4 Ndxe5 14. dxe5 g5 15. Ng2 Nxe5 16. Bb5+ Ke7 17. h3 Bg7 18. Ke2 h5 19. gxh5 Rxh5 20. a4 Nf3 21. Rad1 Rd8 22. Rxd8 Kxd8 23. Rd1+ Kc8 24. Be8 Ne5 25. Rd4 Rh8 26. Bb5 f5 27. Rd6 Rh6 28. Rxb6 Bf8 29. Be8 Nc4 30. Rb3 Rxh3 31. Ne1 f4 32. exf4 gxf4 33. Bf7 Rh6 34. Bg8 f3+ 35. Kd1 Bc5 36. Rb5 Bxf2 37. b3 Nb2+ 38. Kc2 Bxe1 39. Rc5+ Kb8 40. Bxe6 Rxe6 41. Rf5 Nd3 42. Rf8+ Ka7 43. b4 Nxb4+ 44. cxb4 Bxb4 45. Kd1 e3 46. Rxf3 e2+ 47. Kc2 e1Q 48. Rb3 Qd2+ 49. Kb1 Re1# 0-1

[Event "SRI-chB (Women)"]
[Site "Colombo"]
[Date "2023.03.12"]
[Round "10"]
[White "Wijesuriya, GPY"]
[Black "Gunasekara, KPK Hesara"]
[Result "1-0"]
[WhiteElo "1514"]
[BlackElo "1283"]
[PlyCount "87"]
[EventDate "2023.03.04"]
[EventType "swiss"]
[EventRounds "11"]
[EventCountry "SRI"]
[SourceTitle "CBM 213 Extra"]
[Source "ChessBase"]
[SourceDate "2023.05.31"]
[SourceVersion "1"]
[SourceVersionDate "2023.05.31"]
[SourceQuality "1"]

1. e4 c5 2. Nc3 e6 3. f4 d5 4. Nf3 Nc6 5. Bb5 Nge7 6. exd5 exd5 7. Qe2 a6 8. Bxc6+ bxc6 9. Ne5 Bb7 10. b3 h5 11. Na4 Rb8 12. Nxc5 Qa5 13. Nxb7 Rxb7 14. Nxc6 Qb6 15. Ne5 Rh6 16. Qf2 Qc7 17. Ba3 Nc6 18. Bxf8 Nxe5 19. 0-0 Kxf8 20. fxe5 Qxe5 21. Qc5+ Re7 22. Rae1 Qc7 23. Qxd5 Qa7+ 24. d4 Rxe1 25. Rxe1 Kg8 26. Re8+ Kh7 27. Qe4+ Rg6 28. Re7 Qb6 29. Rxf7 Kg8 30. Rf5 Qc6 31. Qxc6 Rxc6 32. c4 g6 33. Re5 Kf7 34. d5 Rc5 35. Kf2 a5 36. Ke3 a4 37. Kd4 Rc8 38. bxa4 Ra8 39. d6 Rxa4 40. d7 Rxa2 41. Rd5 Rd2+ 42. Kc5 Rxd5+ 43. Kxd5 Ke7 44. Kc6 1-0

[Event "SRI-chB (Women)"]
[Site "Colombo"]
[Date "2023.03.11"]
[Round "9"]
[White "Fernando, GW Nethmi L"]
[Black "Wijesuriya, GPY"]
[Result "0-1"]
[WhiteElo "1745"]
[BlackElo "1514"]
[PlyCount "96"]
[EventDate "2023.03.04"]
[EventType "swiss"]
[EventRounds "11"]
[EventCountry "SRI"]
[SourceTitle "CBM 213 Extra"]
[Source "ChessBase"]
[SourceDate "2023.05.31"]
[SourceVersion "1"]
[SourceVersionDate "2023.05.31"]
[SourceQuality "1"]

1. d4 d5 2. c4 e6 3. Nc3 Nf6 4. Bg5 Nbd7 5. e3 c6 6. Nf3 Be7 7. Bd3 h6 8. Bxf6 Nxf6 9. 0-0 0-0 10. a3 dxc4 11. Bxc4 b5 12. Bd3 Bb7 13. Bc2 a6 14. Ne4 Nxe4 15. Bxe4 f5 16. Bc2 c5 17. dxc5 Bxc5 18. b4 Bd6 19. Bb3 Qe7 20. Nd4 Rf6 21. Qh5 Raf8 22. Rad1 Kh7 23. Bxe6 Rxe6 24. Nxf5 Rxf5 25. Qxf5+ Rg6 26. f3 Qxe3+ 27. Kh1 Qe2 28. Rg1 Qe7 29. Rd4 Qe5 30. Qxe5 Bxe5 31. Rd7 Bc8 32. Rd8 Be6 33. Re1 Bb2 34. Rd6 Bc4 35. Rd7 Bxa3 36. Rb1 Re6 37. h3 Re2 38. Ra7 Rb2 39. Ra1 Bxb4 40. R7xa6 Bc3 41. Rc1 Bf6 42. Rc6 Bd3 43. R6c5 b4 44. Kh2 b3 45. Rd1 Bc2 46. Rd2 Bg5 47. Re2 Ra2 48. Re1 Bf4+ 0-1

[Event "Olympiad Women-44"]
[Site "Chennai"]
[Date "2022.08.03"]
[Round "6.1"]
[White "Wijesuriya, GPY"]
[Black "Tsai, Sophie Yi Hsuan"]
[Result "1/2-1/2"]
[WhiteElo "1579"]
[BlackElo "1131"]
[PlyCount "66"]
[EventDate "2022.07.29"]
[EventType "team-swiss"]
[EventRounds "11"]
[EventCountry "IND"]
[SourceTitle "CBM 210"]
[Source "ChessBase"]
[SourceDate "2022.10.31"]
[SourceVersion "1"]
[SourceVersionDate "2022.10.31"]
[SourceQuality "1"]
[WhiteTeam "Sri Lanka (W)"]
[BlackTeam "Chinese Taipei (W)"]
[WhiteTeamCountry "SRI"]
[BlackTeamCountry "TPE"]

1. e4 c5 2. Nc3 g6 3. f4 Bg7 4. Nf3 Nc6 5. a4 e6 6. e5 a6 7. Ne4 Qb6 8. Nd6+ Kf8 9. b3 Nh6 10. Ba3 Kg8 11. c3 Qa7 12. Bd3 Nf5 13. Bxf5 exf5 14. Ng5 Nd8 15. Qf3 b6 16. Ngxf7 Bb7 17. Nxb7 Kxf7 18. Nd6+ Kg8 19. Qd5+ Ne6 20. 0-0 h5 21. Kh1 Kh7 22. Rf3 Qc7 23. Qd3 Nxf4 24. Rxf4 Bxe5 25. Rxf5 Qxd6 26. Qxd6 Bxd6 27. Rf7+ Kh6 28. Rxd7 Rad8 29. Ra7 Bf4 30. Rxa6 Rxd2 31. g3 Re8 32. gxf4 Ree2 33. Kg1 Rg2+ 1/2-1/2

[Event "SRI-chB (Women)"]
[Site "Mount Lavinia"]
[Date "2022.03.19"]
[Round "8"]
[White "Wijesuriya, GPY"]
[Black "Yashora, Tiumi"]
[Result "1/2-1/2"]
[WhiteElo "1610"]
[BlackElo "1651"]
[PlyCount "75"]
[EventDate "2022.03.16"]
[EventType "swiss"]
[EventRounds "10"]
[EventCountry "SRI"]
[SourceTitle "EXT 2023"]
[Source "ChessBase"]
[SourceDate "2022.10.05"]
[SourceVersion "1"]
[SourceVersionDate "2022.10.05"]
[SourceQuality "1"]

1. e4 c5 2. Nc3 Nc6 3. f4 e6 4. Nf3 Nge7 5. e5 d5 6. exd6 Nf5 7. Bb5 Bd7 8. 0-0 Bxd6 9. d3 a6 10. Bxc6 Bxc6 11. Ne4 0-0 12. Nxd6 Qxd6 13. Ne5 Bd5 14. Qe1 Rac8 15. Qf2 Qe7 16. Ng4 b5 17. Ne3 Qf6 18. c3 Rfd8 19. Nxf5 Qxf5 20. Be3 Bb7 21. d4 c4 22. Rac1 Be4 23. Qh4 a5 24. Qg5 Qxg5 25. fxg5 Rd7 26. Rf2 Rdc7 27. Bf4 Ra7 28. Be5 Bd3 29. h4 b4 30. Rd2 Be4 31. Re2 Bf5 32. Rd2 Be4 33. Re2 Bf5 34. Bd6 bxc3 35. Rxc3 Rb7 36. Bc5 Bd3 37. Bd6 Bf5 38. b3 1/2-1/2

[Event "Nugegoda SRI GP (Women) 2nd"]
[Site "Nugegoda"]
[Date "2021.02.21"]
[Round "10"]
[White "Gunawardhana, Devindya Oshini"]
[Black "Wijesuriya, GPY"]
[Result "0-1"]
[WhiteElo "1290"]
[BlackElo "1606"]
[PlyCount "122"]
[EventDate "2021.02.13"]
[EventType "tourn"]
[EventRounds "11"]
[EventCountry "SRI"]
[SourceTitle "EXT 2022"]
[Source "ChessBase"]
[SourceDate "2021.10.06"]
[SourceVersion "1"]
[SourceVersionDate "2021.10.06"]
[SourceQuality "1"]

1. e4 e5 2. Nf3 Nc6 3. Bb5 a6 4. Ba4 Nf6 5. 0-0 b5 6. Bb3 Be7 7. d4 d6 8. c3 0-0 9. Re1 Bb7 10. Bc2 Na5 11. dxe5 dxe5 12. Qxd8 Raxd8 13. Nxe5 Rfe8 14. b4 Bd6 15. f4 Nc6 16. Nxc6 Bxc6 17. e5 Nd5 18. Be4 Bf8 19. Nd2 Ba8 20. Bxd5 Rxd5 21. Nb3 Red8 22. Be3 Bc6 23. Nd4 Bd7 24. Bf2 a5 25. f5 axb4 26. e6 c5 27. Nb3 fxe6 28. fxe6 Bxe6 29. Rxe6 bxc3 30. Rc1 b4 31. Bh4 Ra8 32. Rf1 c4 33. Nc1 Rc8 34. Rfe1 Rd2 35. Bg5 Rb2 36. R6e2 Bc5+ 37. Kh1 Rf8 38. Re4 b3 39. axb3 cxb3 40. Nd3 Ra2 41. Nxc5 b2 42. Nd3 Ra1 43. Kg1 b1Q 44. Rxb1 Rxb1+ 45. Bc1 Rd8 46. Re3 Rxd3 47. Rxd3 Rxc1+ 48. Kf2 Rc2+ 49. Kf3 Rc1 50. Kf2 Kf7 51. h3 Ke6 52. g4 c2 53. Rc3 Rh1 54. Rxc2 Rh2+ 55. Kg3 Rxc2 56. Kh4 Kf6 57. Kh5 g5 58. Kh6 Rh2 59. Kxh7 Rxh3+ 60. Kg8 Rh4 61. Kf8 Rh8# 0-1

[Event "Nugegoda SRI GP (Women) 2nd"]
[Site "Nugegoda"]
[Date "2021.02.14"]
[Round "3"]
[White "Abeysinghe, HMH Janandani"]
[Black "Wijesuriya, GPY"]
[Result "1-0"]
[WhiteElo "1508"]
[BlackElo "1606"]
[PlyCount "143"]
[EventDate "2021.02.13"]
[EventType "tourn"]
[EventRounds "11"]
[EventCountry "SRI"]
[SourceTitle "EXT 2022"]
[Source "ChessBase"]
[SourceDate "2021.10.06"]
[SourceVersion "1"]
[SourceVersionDate "2021.10.06"]
[SourceQuality "1"]

1. e4 e5 2. Nf3 Nc6 3. Bc4 Bc5 4. 0-0 Nf6 5. d3 0-0 6. c3 a6 7. h3 d6 8. Bb3 Ba7 9. Nbd2 Nd7 10. Re1 Kh8 11. Nf1 Nc5 12. Bc2 f5 13. exf5 Bxf5 14. Be3 d5 15. b4 e4 16. Bxc5 Bxc5 17. dxe4 dxe4 18. Qxd8 Raxd8 19. Bxe4 Bxe4 20. Rxe4 Bb6 21. Rc1 h6 22. Rc2 Rd1 23. Re1 Rfd8 24. Ne3 Rxe1+ 25. Nxe1 Ne5 26. Kf1 Ng6 27. Nc4 Ba7 28. Rd2 Rf8 29. Nd3 Rf6 30. Nce5 Ne7 31. Nb2 Kh7 32. Ng4 Rf5 33. Nd1 h5 34. Nge3 Rg5 35. Rd7 Nc6 36. Rd5 Rxd5 37. Nxd5 Bb8 38. Nb2 Ne5 39. Nf4 g6 40. Nfd3 Nd7 41. Nc4 c6 42. Na5 Ne5 43. Nxe5 Bxe5 44. c4 Bc3 45. Nxb7 Bxb4 46. Nd8 c5 47. Ne6 Kg8 48. Ke2 Kf7 49. Nf4 Bc3 50. Kd3 Bd4 51. f3 Kf6 52. Ke4 a5 53. Kd5 Be3 54. Ne6 Kf5 55. Nxc5 Kf4 56. Ne4 g5 57. c5 g4 58. hxg4 hxg4 59. fxg4 Kxg4 60. c6 Bb6 61. Kd6 Kf4 62. Nc5 Kg3 63. c7 Bxc7+ 64. Kxc7 Kxg2 65. a4 Kf3 66. Kb6 Ke3 67. Kxa5 Kd4 68. Kb6 Kd5 69. a5 Kd6 70. a6 Kd5 71. a7 Kc4 72. a8Q 1-0

[Event "SRI-chB (Women)"]
[Site "Colombo"]
[Date "2018.03.02"]
[Round "3"]
[White "Wijesuriya, GPY"]
[Black "Abeysinghe, HMH Janandani"]
[Result "1/2-1/2"]
[WhiteElo "1670"]
[BlackElo "1538"]
[PlyCount "83"]
[EventDate "2018.03.01"]
[EventType "swiss"]
[EventRounds "10"]
[EventCountry "SRI"]
[SourceTitle "EXT 2019"]
[Source "ChessBase"]
[SourceDate "2018.10.10"]
[SourceVersion "1"]
[SourceVersionDate "2018.10.10"]
[SourceQuality "1"]

1. e4 c5 2. Nc3 Nc6 3. f4 g6 4. Nf3 Bg7 5. a3 e6 6. b4 cxb4 7. axb4 Nxb4 8. Ba3 Bxc3 9. dxc3 Nc6 10. Qd6 Qe7 11. Qd2 Qd8 12. f5 Nf6 13. Bd3 d5 14. exd5 Nxd5 15. c4 Nde7 16. Bb2 Rg8 17. fxe6 Bxe6 18. Ng5 Qb6 19. Bc3 0-0-0 20. Qf2 Qxf2+ 21. Kxf2 h6 22. Nxe6 fxe6 23. Rhe1 Rdf8+ 24. Kg1 Kd7 25. Rad1 Kc7 26. Rxe6 Nf5 27. Rf1 h5 28. Bxf5 gxf5 29. Rh6 Rg4 30. Rh7+ Kb6 31. Rb1+ Kc5 32. Rhxb7 Rfg8 33. g3 h4 34. Be1 hxg3 35. hxg3 f4 36. Bf2+ Kxc4 37. Rc7 R8g6 38. Kh2 fxg3+ 39. Bxg3 Rxg3 40. Rxc6+ Rxc6 41. Kxg3 Kc3 42. Ra1 1/2-1/2

[Event "SRI-chB (Women)"]
[Site "Colombo"]
[Date "2018.03.01"]
[Round "1"]
[White "Wijesuriya, GPY"]
[Black "Karthikeyan, Kiruththikah"]
[Result "1-0"]
[WhiteElo "1670"]
[BlackElo "1252"]
[PlyCount "109"]
[EventDate "2018.03.01"]
[EventType "swiss"]
[EventRounds "10"]
[EventCountry "SRI"]
[SourceTitle "EXT 2019"]
[Source "ChessBase"]
[SourceDate "2018.10.10"]
[SourceVersion "1"]
[SourceVersionDate "2018.10.10"]
[SourceQuality "1"]

1. e4 c5 2. Nf3 Nc6 3. Nc3 b6 4. Bc4 e6 5. 0-0 Be7 6. d4 cxd4 7. Nxd4 Bb7 8. Bf4 Nxd4 9. Qxd4 Nf6 10. e5 Nh5 11. Be3 g6 12. Rad1 Rc8 13. Bb5 Rc7 14. Qa4 Qc8 15. Rxd7 Rxd7 16. Rd1 Kf8 17. Bxd7 Qa8 18. Bh6+ Ng7 19. Qf4 Kg8 20. Bxg7 Kxg7 21. Bxe6 fxe6 22. Rd7 Re8 23. Rxe7+ Rxe7 24. Qf6+ Kg8 25. Qxe7 Bxg2 26. Qxe6+ Kh8 27. Qg4 Bc6 28. e6 Qe8 29. Qd4+ Kg8 30. e7 Qxe7 31. Qc4+ Kf8 32. Qxc6 Qg5+ 33. Qg2 Qc1+ 34. Qf1 Qg5+ 35. Kh1 a6 36. b3 Qf4 37. f3 Qd2 38. Qd3 Qc1+ 39. Nd1 Qf4 40. Qe3 Qd6 41. Nf2 Qe7 42. Qxe7+ Kxe7 43. Kg2 Kd6 44. Kg3 Kd5 45. c3 b5 46. Nd3 a5 47. Kg4 h6 48. h4 a4 49. Nb4+ Kc5 50. Kf4 Kd6 51. Ke4 Ke6 52. Nc6 Kf6 53. f4 Ke6 54. Nd4+ Kf6 55. Nxb5 1-0